[Event "Mittelfranken-chTB2a 1415"]
[Site "Mittelfranken"]
[Date "2014.11.16"]
[Round "3.8"]
[White "Jesch, Alexander"]
[Black "Wallstabe, Antje"]
[Result "1/2-1/2"]
[WhiteElo "1611"]
[BlackElo "1719"]
[PlyCount "113"]
[EventDate "2014.09.28"]
[EventType "team-tourn"]
[EventRounds "9"]
[EventCountry "GER"]
[SourceTitle "EXT 2020"]
[Source "ChessBase"]
[SourceDate "2019.10.17"]
[SourceVersion "1"]
[SourceVersionDate "2019.10.17"]
[SourceQuality "1"]
[WhiteTeam "Buechenbach/Roth II"]
[BlackTeam "Bad Windsheim/Ansbach"]
[WhiteTeamCountry "GER"]
[BlackTeamCountry "GER"]

1. d4 d5 2. c4 e6 3. Nc3 Nf6 4. Bg5 c6 5. e3 Nbd7 6. Nf3 Bb4 7. a3 Bxc3+ 8. bxc3 Qa5 9. Qb3 Ne4 10. Qb4 Qxb4 11. cxb4 Nxg5 12. Nxg5 e5 13. cxd5 cxd5 14. dxe5 Nxe5 15. Bb5+ Ke7 16. 0-0 f6 17. Nf3 Nc4 18. Bxc4 dxc4 19. Rac1 b5 20. Nd4 Bd7 21. Rc3 a5 22. Rb1 axb4 23. Rxb4 Ra5 24. f3 Rha8 25. Nc2 Kd6 26. Kf2 Kc5 27. Rb2 R8a6 28. Nb4 Rd6 29. Ke2 f5 30. Rd2 Rxd2+ 31. Kxd2 Ra8 32. Nc2 g5 33. Ke2 h5 34. Kf2 f4 35. e4 g4 36. Ke2 h4 37. Kf2 g3+ 38. Kg1 h3 39. hxg3 fxg3 40. gxh3 Bxh3 41. f4 Rd8 42. Rxg3 Rd1+ 43. Kh2 Rd2+ 44. Kxh3 Rxc2 45. f5 Rf2 46. Kg4 Kd4 47. Rf3 Rg2+ 48. Rg3 Rxg3+ 49. Kxg3 c3 50. f6 c2 51. f7 c1Q 52. f8Q Qe1+ 53. Qf2+ Qxf2+ 54. Kxf2 Kxe4 55. Ke2 Kd4 56. Kd2 Kc4 57. Kc2 1/2-1/2

[Event "GER-chT Federal Cup (Women)"]
[Site "Braunfels"]
[Date "2006.05.05"]
[Round "2"]
[White "Laake, Tamara"]
[Black "Wallstabe, Antje"]
[Result "1-0"]
[WhiteElo "1513"]
[BlackElo "1656"]
[PlyCount "57"]
[EventDate "2006.05.04"]
[EventType "team-swiss"]
[EventRounds "5"]
[EventCountry "GER"]
[SourceTitle "EXT 2010"]
[Source "ChessBase"]
[SourceDate "2010.11.25"]
[SourceVersion "1"]
[SourceVersionDate "2010.11.25"]
[SourceQuality "1"]

1. e4 c5 2. Nf3 Nc6 3. d4 cxd4 4. Nxd4 Nf6 5. Nc3 g6 6. Be3 Bg7 7. Bc4 d6 8. f3 Bd7 9. Qd2 a6 10. h4 h5 11. Rg1 Qc8 12. Be2 b5 13. Nxc6 Qxc6 14. Bd4 Rc8 15. Bd3 Kf8 16. 0-0-0 Be6 17. Kb1 Qb7 18. e5 Nd7 19. exd6 Nc5 20. Bxc5 Rxc5 21. Be4 Bxc3 22. bxc3 Qb6 23. d7 Bxa2+ 24. Kxa2 Qa5+ 25. Kb1 Qa3 26. d8Q+ Kg7 27. Q2d4+ e5 28. Qxh8+ Kxh8 29. Qb4 1-0